00891 2200325 4500001002100000005001500021007000300036008004100039020002200080035002000102040001700122041000800139082000800147084001400155090002000169100002300189245006000212250001200272264003300284300004200317336002100359337003000380338002300410504002900433650001400462700004700476850001000523990001600533990001600549INLIS00000000000767120260601084325ta260601 0  a978-979-29-2591-3 a0010-0922000160 aSBPUPADbInd07aInd a630 a630 EMI u a630 EMI u L18-60 aEmil S.ePengarang1 aUntung Berlipat dari Bisnis Buah Naga Unggul /cEmil S. a.-Ed. 1 a.--Yogyakarta :bANDI,c2011 aviii, 136 hlm :billus, ;c14 x 21 cm 2rdacontentateks 2rdamediaatanpa perantara 2rdacarrieravolume abibliografi, hlm 133-134 4aPertanian0 aEditor, Theresia Arie PrabawatiePengarang aPUPAD a14539/Br-14 a14540/Br-14